| 000 | 00762cam a2200229 a 4500 | ||
|---|---|---|---|
| 001 | 000003124 | ||
| 005 | 20260430122336.0 | ||
| 008 | 950907s1995 sp b 001 0 spa | ||
| 020 | _a8424506863 | ||
| 040 |
_aDO-SdBNP _bspa _cBNPHU |
||
| 043 | _ae-sp- | ||
| 082 |
_a864.6 _bF156L |
||
| 100 | 1 |
_aFagundo, Ana María, _d1938- _99845 |
|
| 245 | 1 | 0 |
_aLiteratura femenina de España y las Américas / _cAna María Fagundo. |
| 260 |
_aMadrid : _bFundamentos, _c1995. |
||
| 300 |
_a267 p. ; _c21 cm. |
||
| 440 | 0 |
_aEspiral hispano-americana ; _v26 _99846 |
|
| 504 | _aIncluye referencias bibliográficas. | ||
| 650 | 0 |
_aAutores _99847 |
|
| 650 | 4 |
_aLiteratura española _xHistoria y crítica _93904 |
|
| 650 | 4 |
_aLiteratura española _xHistoria y crítica _ySIGLO XX _99848 |
|
| 999 |
_c2955 _d2955 |
||